| 000 | 03323nam a2200313 i 4500 | ||
|---|---|---|---|
| 003 | CSPC | ||
| 005 | 20260226092126.0 | ||
| 008 | 260224s2025 ph a b 000 0 eng d | ||
| 040 |
_aCSPC _beng _cCSPC _erda |
||
| 090 | _aUTH BSOA A956l 2025 | ||
| 100 | 1 |
_aAquino, John Bencent M., _eauthor. |
|
| 245 | 1 | 0 |
_aThe level of computer literacy and its effect on research skills among students in a state college / _cJohn Bencent M. Aquino, Mitch Ashley B. Arcilla, and Vincent T. Atante. |
| 260 |
_aBuhi, Camarines Sur : _bCamarines Sur Polytechnic Colleges, _c2025. |
||
| 300 | _a114 leaves. | ||
| 336 |
_2rdacontent _atext |
||
| 337 |
_2rdamedia _aunmediated |
||
| 338 |
_2rdacarrier _avolume |
||
| 502 |
_aUndergraduate Thesis (BSOA)- Office Administration. _cCamarines Sur Polytechnic Colleges, 2025. |
||
| 504 | _aIncludes bibliographical references. | ||
| 520 | 3 | _aThis study examined the level of computer literacy and its effect on the research skills of students enrolled in the Bachelor of Science in Office Administration (BSOA) at Camarines Sur Polytechnic Colleges, Buhi Campus during the school year 2025-2026. Specifically, it aimed to determine the respondents' profile in terms of age, sex, year level, availability of learning resources, general weighted average (GWA), and frequency of computer use. It also assessed the students' level of computer literacy in key areas such as word processing, spreadsheet applications, presentation tools, data analysis, and reference and citation management. In addition, the study evaluated their research skills in identifying research problems, reviewing related literature, organizing and analyzing data, and writing research outputs. A descriptive-correlational research design was employed, and data were gathered from 172 BSOA students using a structured questionnaire. The results showed that most respondents were in their early twenties, predominantly female, and had average access to computer resources both at home and within the school environment. Findings further revealed that students demonstrated a moderate level of computer literacy, indicating competence in basic software functions but limited proficiency in advanced features, particularly in data analysis and the use of referencing tools. Similarly, the respondents' research skills were assessed as developing, with noticeable challenges in organizing data and conducting comprehensive literature reviews. Statistical analysis confirmed a significant relationship between computer literacy and research skills, suggesting that higher levels of digital competence contribute to better research performance. Based on these findings, the study recommended the integration of enhanced computer literacy instruction, research-oriented digital workshops, and hands-on training activities into the curriculum to improve students' technical and academic research competencies. | |
| 700 | 1 |
_aArcilla, Mitch Ashley B., _eauthor. |
|
| 700 | 1 |
_aAtante, Vincent T., _eauthor. |
|
| 720 | 1 |
_aLuzon, NiƱo Jeffrey L., _eadviser. |
|
| 720 | 1 |
_aVerona, Lea Katrine S., _epanelist, chair. |
|
| 720 | 1 |
_aOliveros, Josefin N., _epanelist. |
|
| 720 | 1 |
_aAdriano, Rolando B., _epanelist. |
|
| 942 |
_2ddc _n0 _cUM _hA9565l _iBSOA _kUTH _m2025 |
||
| 999 |
_c31899 _d31899 |
||